| Record ID | ia:nonconformistcon0000bebb |
| Source | Internet Archive |
| Download MARC XML | https://archive.org/download/nonconformistcon0000bebb/nonconformistcon0000bebb_marc.xml |
| Download MARC binary | https://www.archive.org/download/nonconformistcon0000bebb/nonconformistcon0000bebb_meta.mrc |
LEADER: 04292cam a2201045 a 4500
001 ocm07739156
003 OCoLC
005 20200617073328.9
007 ta
008 810806s1982 enk b 001 0 eng
010 $a 81012910
040 $aDLC$beng$cDLC$dBTCTA$dYDXCP$dAU@$dZWZ$dUKV3G$dP4I$dGEBAY$dUKMGB$dBDX$dGBVCP$dOCLCF$dOCLCQ$dOCL$dDEBBG$dOCLCO$dOCL$dUEJ$dNLC$dOCLCO$dOCLCA$dDHA$dOCLCQ$dOCLCA$dU3G$dOCLCQ$dUWK$dS2H$dNNM
015 $aGB8133897$2bnb
015 $aB8133897
016 $a(AMICUS)000002587921
016 7 $a010022949$2Uk
019 $a59807380$a1086687311$a1110747169$a1124636926$a1144755861$a1150852009
020 $a0049421735
020 $a9780049421738
029 1 $aAU@$b000002067882
029 1 $aAU@$b000021952695
029 1 $aCBK$b088679802
029 1 $aDEBBG$bBV000063971
029 1 $aDEBSZ$b010129782
029 1 $aGBVCP$b01404868X
029 1 $aGEBAY$b210112
029 1 $aHR0$b0049421735
029 1 $aNLC$b000002587921
029 1 $aNZ1$b116659
029 1 $aNZ1$b3569748
029 1 $aUKDON$b0049421735
029 1 $aUNITY$b088679802
029 1 $aZWZ$b024319929
035 $a(OCoLC)07739156$z(OCoLC)59807380$z(OCoLC)1086687311$z(OCoLC)1110747169$z(OCoLC)1124636926$z(OCoLC)1144755861$z(OCoLC)1150852009
043 $ae-uk---
045 $aw7x1
050 00 $aDA560$b.B37 1982
055 1 $aDA560.B37
060 4 $a100=AACR2
082 00 $a320.941$219
083 0 $aGreat Britain. Politics. Role of Nonconformists, 1870-1914
084 $aMB 1000$2rvk
084 $aMG 42030$2rvk
084 $aMG 42270$2rvk
084 $a3,6$2ssgn
049 $aMAIN
100 1 $aBebbington, David,$d1949-
245 14 $aThe nonconformist conscience :$bchapel and politics, 1870-1914 /$cD.W. Bebbington.
260 $aLondon ;$aBoston :$bG. Allen & Unwin,$c1982.
300 $ax, 193 pages ;$c23 cm
336 $atext$btxt$2rdacontent
337 $aunmediated$bn$2rdamedia
338 $avolume$bnc$2rdacarrier
504 $aIncludes bibliographical references and index.
505 0 $aNonconformists and their politics -- The quest for religious equality --The problems of society -- The free church council movement -- The Irish question -- The role of Britain in the world -- The education of the people -- The end of the conscience.
590 $bArchive
651 0 $aGreat Britain$xPolitics and government$y1837-1901.
651 0 $aGreat Britain$xPolitics and government$y1901-1936.
651 0 $aGreat Britain$xChurch history$y19th century.
651 0 $aGreat Britain$xChurch history$y20th century.
650 0 $aDissenters, Religious$zGreat Britain$xHistory$y19th century.
650 0 $aDissenters, Religious$zGreat Britain$xHistory$y20th century.
650 0 $aChristianity and politics$xHistory$y19th century.
650 0 $aChristianity and politics$xHistory$y20th century.
650 1 $aReligion and politics.
651 6 $aGrande-Bretagne$xPolitique et gouvernement$y1837-1901.
651 6 $aGrande-Bretagne$xPolitique et gouvernement$y1901-1936.
651 6 $aGrande-Bretagne$xHistoire religieuse$y19e siècle.
651 6 $aGrande-Bretagne$xHistoire religieuse$y20e siècle.
650 6 $aDissidents (Religion)$zGrande-Bretagne$xHistoire$y19e siècle.
650 6 $aDissidents (Religion)$zGrande-Bretagne$xHistoire$y20e siècle.
650 6 $aChristianisme et politique$xHistoire$x19e siècle.
650 6 $aChristianisme et politique$xHistoire$y20e siècle.
650 7 $aChristianity and politics.$2fast$0(OCoLC)fst00859736
650 7 $aDissenters, Religious.$2fast$0(OCoLC)fst00895414
650 7 $aPolitics and government$2fast$0(OCoLC)fst01919741
651 7 $aGreat Britain.$2fast$0(OCoLC)fst01204623
650 7 $aPolitik$2gnd
651 7 $aGroßbritannien$2gnd
651 7 $aGrande-Bretagne$xHistoire religieuse.$2ram
648 4 $aGeschichte 1837-1936.
648 7 $a1800-1999$2fast
648 7 $aGeschichte 1837-1936$2swd
655 7 $aChurch history.$2fast$0(OCoLC)fst01411629
655 7 $aHistory.$2fast$0(OCoLC)fst01411628
938 $aBrodart$bBROD$n36407062$c$22.50
938 $aBaker and Taylor$bBTCP$n81012910 //r88
938 $aYBP Library Services$bYANK$n19509
994 $a92$bCST
976 $a10017021787